Del dicho al hecho (Registro nro. 239615)
[ vista simple ]
| 000 -ENCABEZADO | |
|---|---|
| Número de control [NR] | 01117 a2200253 4500 |
| 005 - FECHA Y HORA DE LA ÚLTIMA TRANSACCIÓN | |
| control field | 20140903175034.0 |
| 008 - DE LONGITUD FIJA DE DATOS DE ELEMENTOS - INFORMACIÓN GENERAL | |
| Elementos de longitud fija [NR] | 140225s2013 ck ad frn 000 0deng d |
| 020 ## - NUMERO INTERNACIONAL NORMALIZADO PARA LIBROS [R] | |
| Número Internacional Normalizado del libro [NR] | 9789588721194 |
| 040 ## - FUENTE DE CATALOGACION [NR] | |
| Agencia de catalogación original [NR] | CO-BoUCM |
| Idioma de catalogación [NR] | spa |
| Quien Cataloga | |
| Quien Clasifica | |
| 041 0# - CODIGO DE IDIOMA [R] | |
| Código de idioma para texto/pista de sonido o título separado [R] | Español |
| 100 1# - ASIENTO PRINCIPAL--NOMBRE PERSONAL [NR] | |
| Nombre personal [NR] | Castro Agudelo, Santiago José |
| ID Autoridad | 57187 |
| 245 10 - MENCION DE TITULO [NR] | |
| Título [NR] | Del dicho al hecho |
| Parte restante del título [NR] | reformas políticas y sistema de partidos en Colombia 2002-2010 |
| Mención de responsabilidad, etc. [NR] | Santiago José Castro Agudelo |
| 260 ## - PUBLICACION, DISTRIBUCION, ETC. (PIE DE IMPRENTA) [R] | |
| Lugar de publicación, distribución, etc. [R] | Bogotá (Colombia) |
| Nombre del editor, distribuidor, etc. [R] | Editorial Politécnico Gran Colombiano |
| Fecha de publicación, distribución, etc. [R] | 2013 |
| 300 ## - DESCRIPCION FISICA [R] | |
| Extensión [R] | 146 páginas |
| Otros detalles físicos [NR] | ilustraciones y gráficas |
| 500 ## - NOTA GENERAL [R] | |
| Nota general [NR] | Transformaciones en el sistema de partidos en Colombia a partir de las reformas políticas de 2003 y 2009 y la reelección presidencial |
| 504 ## - NOTA DE BIBLIOGRAFIA, ETC. [R] | |
| Nota de bibliografía, etc. [NR] | Incluye referencias bibliográficas |
| 650 #4 - ASIENTO SECUNDARIO DE MATERIA - TERMINO TEMATICO [R] | |
| 9 (RLIN) | 50105 |
| Término temático o nombre geográfico como elemento de entrada [NR] | Sistema electoral |
| Subdivisión geográfica [R] | Colombia |
| 650 #7 - ASIENTO SECUNDARIO DE MATERIA - TERMINO TEMATICO [R] | |
| 9 (RLIN) | 27482 |
| Término temático o nombre geográfico como elemento de entrada [NR] | Elecciones |
| Subdivisión geográfica [R] | Colombia |
| 650 #7 - ASIENTO SECUNDARIO DE MATERIA - TERMINO TEMATICO [R] | |
| 9 (RLIN) | 37930 |
| Término temático o nombre geográfico como elemento de entrada [NR] | Partidos políticos |
| Subdivisión geográfica [R] | Colombia |
| 651 #4 - ASIENTO SECUNDARIO DE MATERIA - NOMBRE GEOGRAFICO [R] | |
| Nombre geográfico [NR] | Colombia |
| Subdivisión general [R] | Reformas constitucionales |
| 9 (RLIN) | 57342 |
| 690 ## - ASUNTO AGREGADO LOCAL DE ENTRADA - TÉRMINO TEMÁTICO (OCLC, RLIN) | |
| 9 (RLIN) | 42754 |
| Acceso temático local | Ciencia política |
| 942 ## - ELEMENTOS DE ENTRADA AGREGADOS (KOHA) | |
| Tema principal | Ciencia política |
| Tipo de ítem principal el descrito en 300a | Libro |
| Edición | 1 |
| Parte restante de la signatura top. | C355 |
| Sistema de clasificación | DEWEY |
| Clasificación | 324.6 |
| Fecha de último préstamo | Total préstamos | Total Renewals | Signatura topográfica | Código de barras | Última vez visto | Ejemplar | Costo de reposición | Price effective from | Tipo de ítem | Perdido | Sistema de clasificación | Dañado | No prestable | Tipo de ítem específico | Suprimido | Ubicación habitual | Ubicación actual | Localización | Fecha de creación | Proveedor | Forma de adquisición | Costo |
|---|---|---|---|---|---|---|---|---|---|---|---|---|---|---|---|---|---|---|---|---|---|---|
| 16/05/2017 | 2 | 1 | 324.6 C355 | 100139010 | 06/06/2024 | Ej.1 | 26000.00 | 06/02/2014 | Libro | DEWEY | Libro | Bodega | Bodega | 3er piso | 06/02/2014 | 12 | Donación | 0.00 |